| 000 | 00844nam a2200205 i 4500 | ||
|---|---|---|---|
| 001 | 162448 | ||
| 003 | ES-MaACL | ||
| 005 | 20250730063143.0 | ||
| 008 | 931025s1846 sp |||| | spa d | ||
| 100 | 1 |
_aPonzóa Cebrian, Félix, _dn. 1802 _9131278 |
|
| 245 | 1 | 0 |
_aDiccionario manual para el estudio de antigüedades ... / _cpor Félix Ponzóa Cebrian y Joaquin María Rovér de Roselló. |
| 260 |
_aPalma : _b[s.n.], _c1846 ( _fImprenta de Pedro José Gelabert) |
||
| 300 |
_a345 p. ; _c20 cm. |
||
| 530 | _aDisponible en formato digital. | ||
| 650 | 4 |
_aHistoria antigua- _vDiccionarios. _9163535 |
|
| 700 | 1 |
_aRovér de Rosselló, Joaquín María. _9132131 |
|
| 852 |
_aES-MaACL _jG-15602 _z-- Enc. hol. |
||
| 856 |
_uhttp://bdh-rd.bne.es/viewer.vm?id=0000038731&page=1 _zBiblioteca Digital Hispánica |
||
| 999 |
_c162448 _d162448 |
||